Generalización de los espacios vectoriales mediante la integral de Stieljes /
Guardado en:
| Autor Principal: | |
|---|---|
| Formato: | Libro |
| Idioma: | Spanish |
| Publicado: |
Madrid :
Consejo Superior de Investigaciones Científicas,
1957.
|
| Series: | Memorias de matemática del Instituto "Jorge Juan" ;
19 |
| Etiquetas: |
Agregar Etiqueta
Sin Etiquetas, Sea el primero en etiquetar este registro!
|
| LEADER | 00679nam a22001575a 4500 | ||
|---|---|---|---|
| 001 | MAT.inmabb000953 | ||
| 008 | 031119s1957####sp############000#0#spa#d | ||
| 005 | 20170807163258.0 | ||
| 245 | 1 | 0 | |a Generalización de los espacios vectoriales mediante la integral de Stieljes / |c Francisco Javier Fernández Avila. |
| 260 | |a Madrid : |b Consejo Superior de Investigaciones Científicas, |c 1957. | ||
| 300 | |a 54 p. ; |c 25 cm. | ||
| 440 | 0 | |a Memorias de matemática del Instituto "Jorge Juan" ; |v 19 | |
| 502 | |a "Tesis doctoral calificada con la nota de Sobresaliente. 17 octubre 1952." | ||
| 100 | 1 | |a Fernández Avila, Francisco Javier. | |
| 084 | |a 26-XX |2 msc2000 | ||
| 859 | |h 26 |i F363 |p A-800 |b BIB. MATEMATICA | ||
